God's guarantee to you. (Record no. 12652)

000 -LEADER
fixed length control field 00545nam a2200193 a 4500
001 - CONTROL NUMBER
control field :::00010465$&:&@@
003 - CONTROL NUMBER IDENTIFIER
control field OkBaRHE
005 - DATE AND TIME OF LATEST TRANSACTION
control field 20000607103359.0
008 - FIXED-LENGTH DATA ELEMENTS--GENERAL INFORMATION
fixed length control field s1982 j 000 0 eng u
040 ## - CATALOGING SOURCE
Transcribing agency
100 1# - MAIN ENTRY--PERSONAL NAME
Personal name Humbard, Rex.
245 10 - TITLE STATEMENT
Title God's guarantee to you.
260 ## - PUBLICATION, DISTRIBUTION, ETC. (IMPRINT)
Place of publication, distribution, etc Akron, OH., :
Name of publisher, distributor, etc Rex Humbard
Date of publication, distribution, etc c1982
300 ## - PHYSICAL DESCRIPTION
Extent 113 p. ;
Dimensions 17 cm.
650 ## - SUBJECT ADDED ENTRY--TOPICAL TERM
Topical term or geographic name as entry element Christian Life
650 ## - SUBJECT ADDED ENTRY--TOPICAL TERM
Topical term or geographic name as entry element God Promises
942 ## - ADDED ENTRY ELEMENTS (KOHA)
Source of classification or shelving scheme
Koha item type Books
Copies
Full call number Withdrawn status Date last seen Permanent Location Price effective from Date acquired Not for loan Barcode Copy number Koha item type Source of classification or shelving scheme Shelving location Damaged status Lost status
BV 4501 .H9 2010-04-14RHEMA Bible Training College2010-04-142010-04-14 104651Books General Stacks